Statistics for North American Capitals

Click here to take the quiz!

General Stats

  • This quiz has been taken 38 times
    (23 since last reset)
  • The average score is 21 of 23

Answer Stats

CapitalAnswer% Correct
OttawaCanada
100%
NassauBahamas
95%
BelmopanBelize
95%
San JoseCosta Rica
95%
HavanaCuba
95%
Santo DomingoDominican Republic
95%
San SalvadorEl Salvador
95%
Guatemala CityGuatemala
95%
Port-au-PrinceHaiti
95%
TegucigalpaHonduras
95%
KingstonJamaica
95%
Mexico CityMexico
95%
ManaguaNicaragua
95%
Panama CityPanama
95%
Washington D.CUnited States
95%
Saint John'sAntigua and Barbuda
90%
RoseauDominica
90%
port of SpainTrinidad and Tobago
90%
BridgetownBarbados
81%
CastriesSt Lucia
81%
KingstownSt Vincent and the Grenadines
76%
Saint George'sGrenada
71%
BasseterreSt Kitts and Nevis
71%

Score Distribution

Percentile by Number Answered

Percent of People with Each Score

Your Score History

You have not taken this quiz since the last reset